BHARAT KE JANPRIYA SAMRAT (Record no. 8886)

MARC details
000 -LEADER
fixed length control field 00398nam a22001577a 4500
005 - DATE AND TIME OF LATEST TRANSACTION
control field 20251007155159.0
008 - FIXED-LENGTH DATA ELEMENTS--GENERAL INFORMATION
fixed length control field 251007b |||||||| |||| 00| 0 eng d
020 ## - INTERNATIONAL STANDARD BOOK NUMBER
ISBN 978-93-48189-64-6
041 ## - LANGUAGE CODE
Language code of text/sound track or separate title eng
082 ## - DEWEY DECIMAL CLASSIFICATION NUMBER
Classification number 920.00954
100 ## - MAIN ENTRY--AUTHOR NAME
Personal name CHATURVEDI, PHANEENDRA NATH
245 ## - TITLE STATEMENT
Title BHARAT KE JANPRIYA SAMRAT
260 ## - PUBLICATION, DISTRIBUTION, ETC. (IMPRINT)
Place of publication UTTAR PRADESH
Name of publisher AKSHAR PLANT
Year of publication 2024
300 ## - PHYSICAL DESCRIPTION
Number of Pages 57;P
942 ## - ADDED ENTRY ELEMENTS (KOHA)
Koha item type Books
Holdings
Lost status Damaged status Collection code Home library Current library Shelving location Date acquired Source of acquisition Cost, normal purchase price Full call number Accession Number Koha item type
    BHARTIYA GYAN PARAMPARA JRU Library JRU Library KAUTILYA BOOK SANGRAH 07/10/2025 PURCHASE 160.00 920.00954 28945 Books